Microwaves : (Record no. 181841)
[ view plain ]
| 000 -LEADER | |
|---|---|
| fixed length control field | 01082 a2200229 4500 |
| 003 - CONTROL NUMBER IDENTIFIER | |
| control field | Nust |
| 005 - DATE AND TIME OF LATEST TRANSACTION | |
| control field | 20221123125422.0 |
| 010 ## - LIBRARY OF CONGRESS CONTROL NUMBER | |
| LC control number | 89026630 |
| 020 ## - INTERNATIONAL STANDARD BOOK NUMBER | |
| International Standard Book Number | 0008040494 : |
| 020 ## - INTERNATIONAL STANDARD BOOK NUMBER | |
| International Standard Book Number | 0008040494 : |
| 040 ## - CATALOGING SOURCE | |
| Transcribing agency | Nust |
| 082 00 - DEWEY DECIMAL CLASSIFICATION NUMBER | |
| Classification number | 621.3813,FUL |
| 100 2# - MAIN ENTRY--PERSONAL NAME | |
| Personal name | Baden Fuller, A. J. |
| 9 (RLIN) | 103416 |
| 245 10 - TITLE STATEMENT | |
| Title | Microwaves : |
| Remainder of title | an introduction to microwave theory and techniques / |
| Statement of responsibility, etc. | A.J. Baden Fuller. |
| 250 ## - EDITION STATEMENT | |
| Edition statement | 3rd ed. |
| 260 ## - PUBLICATION, DISTRIBUTION, ETC. | |
| Place of publication, distribution, etc. | Oxford [England] ; |
| -- | New York : |
| Name of publisher, distributor, etc. | Pergamon Press, |
| Date of publication, distribution, etc. | 1990. |
| 300 ## - PHYSICAL DESCRIPTION | |
| Extent | xii, 310 p. : |
| Other physical details | ill. ; |
| Dimensions | 24 cm. |
| 505 ## - FORMATTED CONTENTS NOTE | |
| Formatted contents note | Transmission Lines (Page-1), Electromagnetic Fields (Page-27), Waveguide Transmission (Page-51), Microwave Circuits (Page-73), Rectangular Waveguide (Page-93), Circular Waveguides (Page-123), Conducting Media (Page-153), Ferrite Media (Page-165), Plasma and Electro Beam (Page-187), Oscillators and Amplifier (Page-203), Waveguide Components (Page-225), Devices (Page-241), Ferrite Devices (Page-255), Measurement (Page-271). |
| 650 #0 - SUBJECT ADDED ENTRY--TOPICAL TERM | |
| Topical term or geographic name entry element | Microwave devices. |
| 9 (RLIN) | 28228 |
| 650 #0 - SUBJECT ADDED ENTRY--TOPICAL TERM | |
| Topical term or geographic name entry element | Telecommunication Engineering |
| 942 ## - ADDED ENTRY ELEMENTS (KOHA) | |
| Source of classification or shelving scheme | |
| Koha item type | Book |
| Withdrawn status | Lost status | Source of classification or shelving scheme | Damaged status | Not for loan | Permanent Location | Current Location | Shelving location | Date acquired | Full call number | Barcode | Date last seen | Price effective from | Koha item type | Public note |
|---|---|---|---|---|---|---|---|---|---|---|---|---|---|---|
| Military College of Signals (MCS) | Military College of Signals (MCS) | General Stacks | 12/12/2016 | 621.3813,FUL | MCS5171 | 12/08/2016 | 12/12/2016 | Book | Almirah No.32, Shelf No.2 |
